00883 2200301 4500001002100000005001500021035002500036008004100061020002200102040001700124082001200141084001400153100002400167245009200191250003500283260003600318300003800354500003400392650002100426700001700447850001200464007000300476090001800479090002100497999002100518990002100539990002100560INLIS00000000001429220200228083328 a0010-101500000000026151001t2015 yoia g ind d a978-602-255-818-7 aYOPDYOGbind 223a920 a920 WAH t aWahyu Indra Permana aThomas Alva Edison saja juga pernah gagal /cWahyu Indra Permana; editor, Nihar Aswani. aCetakan pertama, Februari 2015 aYogyakarta :bDiva Press,c2015 a228 halaman :bilustrasi ;c21 cm aBibliografi : halaman 225-227 aBiografi ilmuwan aNihar Aswani aYOPDYOGta aDEP 920 WAH t aCB-D.11 2015-225 aCB-D.11/2015-225 aCB-D.11/2015-225 aCB-D.11/2015-225